000 00297nam a2200121Ia 4500
008 240731s9999 xx 000 0 und d
022 _a1743-2901
245 0 _aPowder Metallurgy
260 _bTaylor & Francis
856 _uhttps://www.tandfonline.com/loi/ypom20
942 _2ddc
942 _cTFEJ
999 _c79009
_d79009
945 _a1
_bMadushi Gamage
_c1
_dMadushi Gamage